The City of Gold and Lead (Record no. 260770)
[ view plain ]
| 000 -LEADER | |
|---|---|
| fixed length control field | 00248nam a22001097a 4500 |
| 020 ## - INTERNATIONAL STANDARD BOOK NUMBER | |
| ISBN | 9781481414753 |
| 100 ## - MAIN ENTRY--AUTHOR NAME | |
| Personal name | John Christopher |
| 245 ## - TITLE STATEMENT | |
| Title | The City of Gold and Lead |
| 260 ## - PUBLICATION, DISTRIBUTION, ETC. (IMPRINT) | |
| Place of publication | New York |
| Name of publisher | Aladdin |
| Year of publication | 2014. |
| 300 ## - PHYSICAL DESCRIPTION | |
| Number of Pages | 249 pgs. |
| 942 ## - ADDED ENTRY ELEMENTS (KOHA) | |
| Koha item type | Long Loan Books |
| Withdrawn status | Lost status | Collection code | Home library | Current library | Shelving location | Date acquired | Accession Number | Koha item type |
|---|---|---|---|---|---|---|---|---|
| Fiction | Rongo University Library | Rongo University Library | Children's Area | 05/10/2023 | CL20221854 | Long Loan Books |
